[Event "38th WCh U20 Girls"]
[Site "Cala Gonone ITA"]
[Date "2022.10.12"]
[Round "1.1"]
[White "Singgih, Diajeng Theresa"]
[Black "Salimova, Nurgyul"]
[Result "0-1"]
[WhiteElo "1991"]
[BlackElo "2415"]
[EventDate "2022.10.12"]
[PlyCount "54"]

1.e4 e5 2.Nf3 Nc6 3.Bb5 a6 4.Ba4 g6 5.O-O Bg7 6.c3 d6 7.d4 Bd7 8.Be3 Nf6 
9.Bxc6 Bxc6 10.dxe5 dxe5 11.Nxe5 Qxd1 12.Rxd1 Bxe4 13.Nd2 Bc2 14.Re1 O-O 
15.Ndf3 Rfe8 16.Bd4 b6 17.b4 Nd5 18.Rac1 Ba4 19.a3 Nf4 20.c4 f6 21.Ng4 
Ne2+ 22.Rxe2 Rxe2 23.Bxf6 h5 24.Bxg7 hxg4 25.Nd4 Rd2 26.Ne6 Rd6 27.Nxc7 
Rad8 0-1

[Event "38th WCh U20 Girls"]
[Site "Cala Gonone ITA"]
[Date "2022.10.12"]
[Round "1.2"]
[White "Kamalidenova, Meruert"]
[Black "Cassi, Elisa"]
[Result "1-0"]
[WhiteElo "2376"]
[BlackElo "1965"]
[EventDate "2022.10.12"]
[PlyCount "72"]

1.e4 c6 2.d4 d5 3.e5 c5 4.dxc5 Nc6 5.f4 e6 6.Be3 d4 7.Bf2 Bxc5 8.Bd3 Nge7 
9.Nd2 Nd5 10.Ne2 g5 11.O-O gxf4 12.Ne4 Be7 13.Bb5 Bd7 14.Bxc6 Bxc6 15.Nxd4
Qc7 16.c4 Ne3 17.Bxe3 Qxe5 18.Rxf4 Bxe4 19.Qa4+ Bc6 20.Nxc6 Qxe3+ 21.Rf2 
Bc5 22.Ne5+ Kf8 23.Nd7+ Ke7 24.Rf1 Rad8 25.Nxc5 Qxc5 26.Qb5 Qxb5 27.Rxf7+ 
Kd6 28.cxb5 Rc8 29.Rxb7 Rc2 30.Rxa7 Rxb2 31.a4 Rg8 32.g3 Rc8 33.Rf2 Rb4 
34.Ra6+ Kd5 35.Rd2+ Kc5 36.Rc2+ Kd5 1-0

[Event "38th WCh U20 Girls"]
[Site "Cala Gonone ITA"]
[Date "2022.10.12"]
[Round "1.3"]
[White "Ishvi, Aggarwal"]
[Black "Mkrtchian, Mariam"]
[Result "1/2-1/2"]
[WhiteElo "1964"]
[BlackElo "2374"]
[EventDate "2022.10.12"]
[PlyCount "80"]

1.d4 Nf6 2.c4 g6 3.g3 Bg7 4.Bg2 O-O 5.Nc3 d6 6.Nf3 Nbd7 7.O-O e5 8.e4 b6 
9.Rb1 Re8 10.Re1 exd4 11.Nxd4 Bb7 12.Nd5 c6 13.Nxf6+ Nxf6 14.Bf4 Nh5 15.
Be3 a6 16.Qd3 b5 17.b3 Qe7 18.e5 dxe5 19.Nxc6 Qe6 20.cxb5 e4 21.Qe2 Bxc6 
22.bxc6 Qxc6 23.Rec1 Qb7 24.Rc4 f5 25.Rbc1 Be5 26.Rc5 Qf7 27.Bf1 f4 28.Qc2
Qf6 29.Qc4+ Kh8 30.Rxe5 Rxe5 31.Bd4 e3 32.fxe3 fxe3 33.Qc6 Rae8 34.Bxa6 
Qf2+ 35.Kh1 Kg7 36.Rf1 Nxg3+ 37.hxg3 Qxg3 38.Qxe8 Qh3+ 39.Kg1 Qg3+ 40.Kh1 
Qh3+ 1/2-1/2

[Event "38th WCh U20 Girls"]
[Site "Cala Gonone ITA"]
[Date "2022.10.12"]
[Round "1.4"]
[White "Beydullayeva, Govhar"]
[Black "Bucur, Denisa-Andreea"]
[Result "1-0"]
[WhiteElo "2356"]
[BlackElo "1946"]
[EventDate "2022.10.12"]
[PlyCount "45"]

1.d4 d5 2.c4 dxc4 3.Nf3 Nf6 4.e3 e6 5.Bxc4 c5 6.O-O cxd4 7.exd4 Bd6 8.Nc3 
O-O 9.Bg5 Nbd7 10.Re1 Qc7 11.Bb3 a6 12.Qd3 h6 13.Bh4 b5 14.Rac1 Qb8 15.Bc2
b4 16.Ne4 Nxe4 17.Qxe4 g6 18.Qg4 Kg7 19.Rxe6 Ne5 20.dxe5 Bxe6 21.Bf6+ Kh7 
22.Qh4 Bxe5 23.Ng5+ 1-0

[Event "38th WCh U20 Girls"]
[Site "Cala Gonone ITA"]
[Date "2022.10.12"]
[Round "1.5"]
[White "Norlamo, Sarabella"]
[Black "Schneider, Jana"]
[Result "0-1"]
[WhiteElo "1946"]
[BlackElo "2331"]
[EventDate "2022.10.12"]
[PlyCount "88"]

1.d4 d5 2.c4 e6 3.Nc3 Nf6 4.cxd5 exd5 5.Bg5 c6 6.e3 Bd6 7.Bd3 O-O 8.Nge2 
Re8 9.Qc2 h6 10.Bh4 a5 11.h3 Na6 12.a3 Nc7 13.O-O Ne6 14.Rab1 Be7 15.Rfc1 
b5 16.a4 b4 17.Na2 Bd7 18.b3 Rc8 19.Ba6 Ra8 20.Bd3 Qb6 21.Bf5 Rac8 22.Bxf6
Bxf6 23.Nf4 Qd8 24.Bxe6 fxe6 25.Qg6 e5 26.Nh5 exd4 27.Nxf6+ Qxf6 28.Qxf6 
gxf6 29.exd4 Re2 30.Ra1 Rce8 31.Rc5 Rd2 32.Nc1 Re1+ 33.Kh2 Rdd1 34.Kg3 Kf7
35.Kh2 Ke6 36.g4 Kd6 37.Kg3 Rg1+ 38.Kh2 Rh1+ 39.Kg3 Rdg1+ 40.Kf3 Rxh3+ 41.
Ke2 Bxg4+ 42.Kd2 Rd1+ 43.Kc2 Rxd4 44.Rxa5 Bf5+ 0-1

[Event "38th WCh U20 Girls"]
[Site "Cala Gonone ITA"]
[Date "2022.10.12"]
[Round "1.6"]
[White "Malicka, Maria"]
[Black "Gabbani, Sara"]
[Result "1-0"]
[WhiteElo "2327"]
[BlackElo "1944"]
[EventDate "2022.10.12"]
[PlyCount "65"]

1.e4 c5 2.Nf3 Nc6 3.d4 cxd4 4.Nxd4 g6 5.c4 Nf6 6.Nc3 Nxd4 7.Qxd4 d6 8.Be2 
Bg7 9.Bg5 O-O 10.Qe3 Qa5 11.O-O Re8 12.Rac1 Bd7 13.Kh1 Rac8 14.f4 Qc5 15.
Qd2 Ng4 16.Bxg4 Bxg4 17.f5 gxf5 18.h3 f4 19.Nd5 f6 20.Bxf4 Be6 21.b4 Qc6 
22.c5 dxc5 23.Rxc5 Qa6 24.b5 Qa3 25.Rxc8 Bxc8 26.Rf3 Qa4 27.Rg3 Kf7 28.Nc7
Rg8 29.Qd5+ Kf8 30.Bh6 Qa5 31.Qd8+ Kf7 32.Rxg7+ Rxg7 33.Qe8# 1-0

[Event "38th WCh U20 Girls"]
[Site "Cala Gonone ITA"]
[Date "2022.10.12"]
[Round "1.7"]
[White "Dejanovic, Tereza"]
[Black "Priyanka, Nutakki"]
[Result "0-1"]
[WhiteElo "1943"]
[BlackElo "2326"]
[EventDate "2022.10.12"]
[PlyCount "84"]

1.e4 c6 2.d4 d5 3.exd5 cxd5 4.Bd3 Nf6 5.c3 Bg4 6.Qb3 Qc7 7.Nd2 Nc6 8.Ngf3 
e6 9.O-O Bd6 10.h3 Bh5 11.Re1 O-O 12.Qc2 Rac8 13.a3 Bf4 14.g4 Bg6 15.Bxg6 
hxg6 16.Kg2 b5 17.Qd3 Rb8 18.Nb3 Bd6 19.Be3 a5 20.Rec1 a4 21.Nbd2 Na5 22.
Rcb1 Qc6 23.Kg1 Ne4 24.Ng5 Nxd2 25.Bxd2 Qc4 26.Qxc4 bxc4 27.Nf3 Rb3 28.Bc1
Rfb8 29.Nd2 R3b6 30.Ra2 g5 31.Nf3 f6 32.Kf1 Kf7 33.Kg2 Nc6 34.Be3 Ne7 35.
Nd2 Ng6 36.Nf3 Nf4+ 37.Bxf4 Bxf4 38.Kf1 Rb3 39.Ke2 Rxc3 40.bxc3 Rxb1 41.
Nd2 Rc1 42.Rb2 Rxc3 0-1

[Event "38th WCh U20 Girls"]
[Site "Cala Gonone ITA"]
[Date "2022.10.12"]
[Round "1.8"]
[White "Goltseva, Ekaterina"]
[Black "Pipia, Ekaterine"]
[Result "1-0"]
[WhiteElo "2300"]
[BlackElo "1926"]
[EventDate "2022.10.12"]
[PlyCount "63"]

1.d4 d5 2.c4 e6 3.Nc3 Be7 4.cxd5 exd5 5.Bf4 Nf6 6.e3 c6 7.Bd3 O-O 8.Nf3 
Nbd7 9.h3 Re8 10.O-O Nf8 11.Ne5 Ng6 12.Bg3 Bd6 13.f4 a6 14.Qf3 c5 15.Rad1 
cxd4 16.exd4 Qb6 17.Rf2 Ne7 18.Bh4 Bc7 19.g4 Qd6 20.Re2 b5 21.g5 Nd7 22.
Bxh7+ Kf8 23.Qh5 Nxe5 24.fxe5 Qe6 25.Rf2 Nc6 26.g6 Nxe5 27.dxe5 Bb6 28.
gxf7 Re7 29.Bg6 Bxf2+ 30.Bxf2 Rxf7 31.Bc5+ Ke8 32.Rf1 1-0

[Event "38th WCh U20 Girls"]
[Site "Cala Gonone ITA"]
[Date "2022.10.12"]
[Round "1.9"]
[White "Skaslien, Ingrid"]
[Black "Hrebenshchykova, Yelyzaveta"]
[Result "0-1"]
[WhiteElo "1909"]
[BlackElo "2268"]
[EventDate "2022.10.12"]
[PlyCount "57"]

1.d4 Nf6 2.c4 g6 3.Nf3 Bg7 4.g3 O-O 5.Bg2 d5 6.O-O dxc4 7.Nc3 c6 8.Re1 Na6
9.h3 Nd5 10.Bd2 e6 11.Qc1 b5 12.Bh6 Bb7 13.a4 Qe8 14.Ne4 Rd8 15.Ne5 f6 16.
Bxg7 Kxg7 17.Ng4 Qe7 18.Qh6+ Kg8 19.axb5 cxb5 20.Rxa6 Bxa6 21.Nc5 Bc8 22.
e4 Nb4 23.e5 Nc2 24.exf6 Rxf6 25.Qh4 Nxe1 26.Nxf6+ Kh8 27.Nce4 Nxg2 28.
Kxg2 Bb7 29.Qh6 0-1

[Event "38th WCh U20 Girls"]
[Site "Cala Gonone ITA"]
[Date "2022.10.12"]
[Round "1.10"]
[White "Schulze, Lara"]
[Black "Sala, Giulia"]
[Result "1-0"]
[WhiteElo "2266"]
[BlackElo "1869"]
[EventDate "2022.10.12"]
[PlyCount "107"]

1.e4 e5 2.Nf3 Nc6 3.Bc4 Bc5 4.c3 Nf6 5.d3 d6 6.Nbd2 a6 7.h3 Ba7 8.Bb3 O-O 
9.O-O Ne7 10.Re1 Ng6 11.Nf1 h6 12.Ng3 Re8 13.d4 Bd7 14.Bd2 c5 15.Be3 Qc7 
16.Bc2 c4 17.Qd2 Bc6 18.d5 Bxe3 19.fxe3 Bd7 20.Rf1 Nh7 21.Rf2 Qd8 22.Raf1 
Rf8 23.Bd1 Nh4 24.Kh2 Nxf3+ 25.Bxf3 Qh4 26.Nf5 Bxf5 27.exf5 Rac8 28.e4 Qd8
29.g4 Rc5 30.Bg2 Rc7 31.Bh1 Qh4 32.f6 Nxf6 33.Rxf6 gxf6 34.Rf5 Kg7 35.Rh5 
Qg5 36.Rxg5+ hxg5 37.Qf2 Rc5 38.Bg2 Rh8 39.Bf1 Rhc8 40.Qf5 R5c7 41.h4 Rh8 
42.h5 Rh7 43.Kg3 Rh6 44.Kf2 Kf8 45.Ke3 Ke7 46.Kd2 Rh8 47.Be2 Rh6 48.Qf1 b5
49.b3 cxb3 50.axb3 Rh8 51.Qa1 Rhc8 52.h6 Rh8 53.Qa5 Kd8 54.Qxa6 1-0

[Event "38th WCh U20 Girls"]
[Site "Cala Gonone ITA"]
[Date "2022.10.12"]
[Round "1.11"]
[White "Sebastian, Mhage Gerriahlou"]
[Black "Rudzinska, Michalina"]
[Result "0-1"]
[WhiteElo "1865"]
[BlackElo "2259"]
[EventDate "2022.10.12"]
[PlyCount "76"]

1.d4 Nf6 2.c4 e6 3.Nf3 Bb4+ 4.Bd2 c5 5.e3 b6 6.a3 Bxd2+ 7.Nbxd2 cxd4 8.
Nxd4 Bb7 9.N2f3 a6 10.Be2 O-O 11.Rc1 d6 12.O-O e5 13.Nf5 Ne8 14.Qc2 g6 15.
Ng3 Nd7 16.Rfd1 Rc8 17.b4 f5 18.Qb3 Kh8 19.Rc2 g5 20.Rcd2 f4 21.exf4 gxf4 
22.Nh5 Rf5 23.g4 fxg3 24.Nxg3 Rf4 25.Rxd6 Nxd6 26.Rxd6 Qe7 27.Qd1 Nf6 28.
Rxb6 Rd8 29.Qb3 Rf8 30.c5 Bd5 31.Qc3 Nd7 32.Ne1 Nxb6 33.cxb6 Rxf2 34.Qe3 
Bb7 35.a4 Qd6 36.a5 Qd5 37.Qe4 Qxe4 38.Nxe4 Rxe2 0-1

[Event "38th WCh U20 Girls"]
[Site "Cala Gonone ITA"]
[Date "2022.10.12"]
[Round "1.12"]
[White "Altantuya, Boldbaatar"]
[Black "Olde, Grete"]
[Result "0-1"]
[WhiteElo "2223"]
[BlackElo "1862"]
[EventDate "2022.10.12"]
[PlyCount "64"]

1.d4 d5 2.c4 e6 3.Nc3 Nf6 4.Nf3 Be7 5.Bf4 O-O 6.e3 c5 7.dxc5 Bxc5 8.Qc2 
Nc6 9.a3 Qa5 10.O-O-O Be7 11.g4 Rd8 12.Nb5 dxc4 13.Bxc4 Nd5 14.Bg3 a6 15.
Nbd4 Bd7 16.e4 Nxd4 17.Rxd4 Ba4 18.Qd3 Nf6 19.g5 Ne8 20.Kb1 b5 21.Bb3 Rxd4
22.Nxd4 Rd8 23.Rd1 Bc5 24.Be5 Bxd4 25.Bxd4 e5 26.Rc1 Bxb3 27.Qxb3 Rxd4 28.
h4 Qd2 29.Rc8 Rd8 30.Qh3 Rxc8 31.Qxc8 Qd3+ 32.Ka1 Qf1+ 0-1

[Event "38th WCh U20 Girls"]
[Site "Cala Gonone ITA"]
[Date "2022.10.12"]
[Round "1.13"]
[White "Middleton, Jody"]
[Black "Urh, Zala"]
[Result "0-1"]
[WhiteElo "1850"]
[BlackElo "2221"]
[EventDate "2022.10.12"]
[PlyCount "94"]

1.d4 Nf6 2.c4 e6 3.Nc3 Bb4 4.e3 O-O 5.Ne2 Re8 6.a3 Bf8 7.Ng3 d5 8.cxd5 
exd5 9.Bd3 b6 10.O-O c5 11.Rb1 Nc6 12.dxc5 bxc5 13.Bb5 Bb7 14.Qa4 Re6 15.
Rd1 a6 16.Be2 Ne5 17.f4 Bc6 18.Qb3 c4 19.Qc2 Neg4 20.Nce4 Qe8 21.Nxf6+ 
Nxf6 22.Qc3 Bc5 23.Nf5 Rb8 24.b4 Ba7 25.Bf3 Qf8 26.Bb2 Rbe8 27.Re1 Rd8 28.
h3 Ne8 29.Kh2 Rf6 30.Ng3 Nd6 31.Nh5 Rg6 32.Rbd1 Nb5 33.Qc2 c3 34.Bxc3 Nxc3
35.Qxc3 Ba8 36.Qd3 Qe7 37.e4 d4 38.g4 Qh4 39.Ng3 Bb8 40.Be2 Bxf4 41.Qf3 
Rf6 42.Bc4 Bxg3+ 43.Qxg3 Rf2+ 44.Qg2 Rxg2+ 45.Kxg2 h5 46.gxh5 Bxe4+ 47.
Rxe4 Qxe4+ 0-1

[Event "38th WCh U20 Girls"]
[Site "Cala Gonone ITA"]
[Date "2022.10.12"]
[Round "1.14"]
[White "Gomez Barrera, Javiera Belen"]
[Black "Malikova, Marjona"]
[Result "1/2-1/2"]
[WhiteElo "2219"]
[BlackElo "1830"]
[EventDate "2022.10.12"]
[PlyCount "84"]

1.e4 c6 2.d4 d5 3.e5 c5 4.Nf3 cxd4 5.Qxd4 Nc6 6.Qf4 e6 7.Nc3 a6 8.h4 Qc7 
9.a3 Nge7 10.h5 d4 11.Ne4 Nd5 12.Qg3 f6 13.exf6 Qxg3 14.f7+ Kxf7 15.fxg3 
h6 16.Bf4 Be7 17.Ne5+ Nxe5 18.Bxe5 Ne3 19.Bd3 Rd8 20.Ke2 Ng4 21.Raf1+ Kg8 
22.Bc7 Rd7 23.Bf4 e5 24.Bc4+ Kh8 25.Bd2 Rc7 26.Bb3 Bd7 27.Ba5 Bb5+ 28.Kd2 
Bxf1 29.Rxf1 b6 30.Bxb6 Rb7 31.Ba5 Rf8 32.Rxf8+ Bxf8 33.Kd3 Ne3 34.Nd2 
Nxg2 35.Ke4 Rb5 36.Bc7 Ne3 37.Bxe5 Bc5 38.Nf3 Nd1 39.Nh4 Nxb2 40.Nf5 d3 
41.Bxg7+ Kh7 42.Bxh6 Bxa3 1/2-1/2

[Event "38th WCh U20 Girls"]
[Site "Cala Gonone ITA"]
[Date "2022.10.12"]
[Round "1.15"]
[White "Grozdanovic, Anastasia"]
[Black "Kurmangaliyeva, Liya"]
[Result "0-1"]
[WhiteElo "1824"]
[BlackElo "2199"]
[EventDate "2022.10.12"]
[PlyCount "84"]

1.d4 d5 2.c4 c6 3.Nf3 Nf6 4.Nc3 dxc4 5.a4 Bf5 6.e3 e6 7.Bxc4 Bb4 8.O-O O-O
9.Qe2 Bg6 10.Ne5 Nbd7 11.Nxg6 hxg6 12.Rd1 Qc7 13.e4 e5 14.Bg5 exd4 15.Rxd4
Bc5 16.Rd2 Rae8 17.Kh1 Bb4 18.f3 Qa5 19.Bf4 Ne5 20.Ba2 Bxc3 21.bxc3 Qxc3 
22.Rb1 Re7 23.Be3 Qa5 24.Rc2 Rd8 25.Bb3 Nd3 26.Bd2 Qh5 27.Bc3 Red7 28.Rd2 
Qc5 29.Bxf6 gxf6 30.Qf1 Qc3 31.Rc2 Qe5 32.Rd2 Nc5 33.Rxd7 Rxd7 34.Bc2 Qc3 
35.Rc1 Rd2 36.Qe1 Qd4 37.Bd1 Ra2 38.Bc2 Nxa4 39.Rd1 Qc3 40.Qh4 Ra1 41.Bb1 
Kg7 42.h3 Qb3 0-1

[Event "38th WCh U20 Girls"]
[Site "Cala Gonone ITA"]
[Date "2022.10.12"]
[Round "1.16"]
[White "Serikbay, Assel"]
[Black "Ortega Beltran, Ximena"]
[Result "1/2-1/2"]
[WhiteElo "2181"]
[BlackElo "1820"]
[EventDate "2022.10.12"]
[PlyCount "79"]

1.d4 Nf6 2.c4 c5 3.d5 b5 4.cxb5 a6 5.bxa6 e6 6.Nc3 exd5 7.Nxd5 Be7 8.g3 
Nxd5 9.Qxd5 Rxa6 10.Nf3 Rd6 11.Qb3 Ba6 12.e4 O-O 13.Bc4 Nc6 14.Qa4 Nb4 15.
Bxa6 Rxa6 16.Qb3 c4 17.Qc3 Nd3+ 18.Kf1 d5 19.Be3 Qa8 20.Qd4 dxe4 21.Nd2 
Rxa2 22.Rxa2 Qxa2 23.Qxe4 Bf6 24.Qxc4 Qxc4 25.Nxc4 Nxb2 26.Nb6 Rd8 27.Ke2 
Nd3 28.f4 Nb4 29.Rc1 Nd5 30.Nxd5 Rxd5 31.g4 h6 32.Rc8+ Rd8 33.Rc7 g5 34.
fxg5 Bxg5 35.Bxg5 hxg5 36.Rc5 f6 37.Rc7 Rd4 38.Kf3 Rf4+ 39.Kg3 Rb4 40.Rd7 
1/2-1/2

[Event "38th WCh U20 Girls"]
[Site "Cala Gonone ITA"]
[Date "2022.10.12"]
[Round "1.17"]
[White "Georges, Lisa"]
[Black "Kucharska, Honorata"]
[Result "0-1"]
[WhiteElo "1799"]
[BlackElo "2179"]
[EventDate "2022.10.12"]
[PlyCount "76"]

1.e4 e6 2.d4 d5 3.Nc3 Bb4 4.Ne2 Nc6 5.a3 Ba5 6.b4 Bb6 7.exd5 exd5 8.Be3 
Nf6 9.g3 O-O 10.Bg2 Bg4 11.O-O Qd7 12.Qd2 Rfe8 13.Nf4 Ne7 14.h3 Be6 15.
Nxe6 fxe6 16.Bg5 Rf8 17.Rfe1 Nf5 18.Ne2 Rae8 19.g4 Nd6 20.Bxf6 Rxf6 21.Ng3
Nc4 22.Qd3 c6 23.Re2 Bc7 24.Ne4 dxe4 25.Qxc4 Qd6 26.Qc3 Qh2+ 27.Kf1 Ref8 
28.Rd1 Bg3 29.Rdd2 Bf4 30.Rd1 e3 31.f3 Bg5 32.Rxe3 Bxe3 33.Qxe3 Qf4 34.Qe2
Rd8 35.c3 h5 36.Kg1 hxg4 37.fxg4 Rdf8 38.Rd2 Qg3 0-1

[Event "38th WCh U20 Girls"]
[Site "Cala Gonone ITA"]
[Date "2022.10.12"]
[Round "1.18"]
[White "Ouellet, Maili-Jade"]
[Black "Mikic, Ivana"]
[Result "1-0"]
[WhiteElo "2177"]
[BlackElo "1783"]
[EventDate "2022.10.12"]
[PlyCount "133"]

1.d4 Nf6 2.c4 e6 3.Nc3 Bb4 4.e3 O-O 5.Bd3 d5 6.Ne2 c5 7.cxd5 Nxd5 8.O-O 
cxd4 9.exd4 Nc6 10.Bc2 Re8 11.Qd3 g6 12.a3 Bf8 13.Ne4 Bg7 14.Bg5 Qb6 15.
Rfd1 Bd7 16.Nc5 Qc7 17.Nxd7 Qxd7 18.Rac1 a6 19.Qf3 Nce7 20.Ng3 Nf5 21.Nxf5
exf5 22.h3 Nf6 23.Bb3 Ne4 24.Bf4 Rac8 25.Rxc8 Rxc8 26.Be5 Bxe5 27.dxe5 Qe7
28.Qf4 Rd8 29.Rxd8+ Qxd8 30.e6 fxe6 31.Qe5 Qf6 32.Qxf6 Nxf6 33.Bxe6+ Kf8 
34.Bc8 Ke7 35.Bxb7 a5 36.Kf1 Kd6 37.Ke2 Nd7 38.Ba6 Kc5 39.Ke3 Kd5 40.b4 
axb4 41.axb4 h6 42.f4 Nf6 43.Be2 Kd6 44.Bc4 g5 45.g3 Nh5 46.Kf3 Nf6 47.Bd3
g4+ 48.hxg4 fxg4+ 49.Kf2 Kd5 50.b5 Kc5 51.Be2 Ne4+ 52.Kg2 Nf6 53.Bd3 Kb6 
54.Kf2 Nd5 55.Be2 Nf6 56.Ke3 Kc5 57.f5 Nd5+ 58.Ke4 Kd6 59.Bc4 Nb6 60.Be6 
Na8 61.Kf4 Nc7 62.b6 Ne8 63.b7 Kc7 64.Bd5 Nf6 65.Bc6 Kb8 66.Ke5 Nh5 67.f6 
1-0

[Event "38th WCh U20 Girls"]
[Site "Cala Gonone ITA"]
[Date "2022.10.12"]
[Round "1.19"]
[White "Ruiz Villalba, Andrea"]
[Black "Kanyamarala, Trisha"]
[Result "0-1"]
[WhiteElo "1764"]
[BlackElo "2174"]
[EventDate "2022.10.12"]
[PlyCount "92"]

1.e4 c5 2.Nf3 d6 3.d4 cxd4 4.Nxd4 Nf6 5.Nc3 Nc6 6.Bg5 e6 7.Qd2 a6 8.O-O-O 
h6 9.Bh4 Qa5 10.f4 Be7 11.Nb3 Qc7 12.Be2 Bd7 13.Rhe1 O-O-O 14.Bf3 Be8 15.
Qf2 Nd7 16.Bxe7 Nxe7 17.Qd4 Nb6 18.Qxg7 Rg8 19.Qd4 Kb8 20.e5 d5 21.g4 Rc8 
22.Kb1 Nc4 23.Nd2 Nc6 24.Qf2 N6a5 25.Nxc4 Nxc4 26.Qd4 Qa5 27.Be2 Bd7 28.h4
b5 29.Bd3 Rxg4 30.Rg1 Rxg1 31.Rxg1 Nd2+ 32.Kc1 Nf3 33.Qf2 Nxg1 34.Qxg1 Qc7
35.Qg7 Bc6 36.Qxh6 Rg8 37.Ne2 Qa7 38.h5 Qe3+ 39.Kd1 d4 40.Qh7 Rg1+ 41.Nxg1
Qxg1+ 42.Ke2 Qg2+ 43.Ke1 Qg3+ 44.Kd1 Bf3+ 45.Be2 Qg1+ 46.Kd2 Qe3+ 0-1

[Event "38th WCh U20 Girls"]
[Site "Cala Gonone ITA"]
[Date "2022.10.12"]
[Round "1.20"]
[White "Nurgali, Nazerke"]
[Black "Saravanan, Durga"]
[Result "1-0"]
[WhiteElo "2169"]
[BlackElo "1736"]
[EventDate "2022.10.12"]
[PlyCount "151"]

1.d4 Nf6 2.Bf4 d5 3.e3 c5 4.c3 Nc6 5.Bd3 e6 6.Nf3 Bd6 7.Bg3 O-O 8.O-O Bxg3
9.hxg3 Qd6 10.dxc5 Qxc5 11.b4 Qd6 12.Nbd2 Rd8 13.Qe2 e5 14.e4 dxe4 15.Bxe4
Nxe4 16.Nxe4 Qe7 17.Rfe1 f6 18.Rac1 Be6 19.Nc5 Bd5 20.Nh4 Qf7 21.Nf5 Kh8 
22.Ne3 b6 23.Na6 Rac8 24.Nxd5 Qxd5 25.Red1 Qf7 26.Rxd8+ Rxd8 27.b5 Na5 28.
c4 Rc8 29.c5 bxc5 30.Rxc5 Rxc5 31.Nxc5 Qd5 32.Ne4 Nc4 33.a4 Qd4 34.Qc2 Kg8
35.Nc3 g6 36.Na2 Qa1+ 37.Kh2 Qd4 38.Nb4 Qc5 39.Nc6 a6 40.Na5 axb5 41.axb5 
Qxb5 42.Qxc4+ Qxc4 43.Nxc4 Kf7 44.g4 Ke6 45.Kg3 Kd5 46.Nd2 Kd4 47.Kf3 f5 
48.gxf5 gxf5 49.Ke2 e4 50.Nb3+ Ke5 51.Nc5 h5 52.Nd7+ Kf4 53.g3+ Kg4 54.
Ne5+ Kg5 55.Ke3 f4+ 56.gxf4+ Kf5 57.Nf7 h4 58.Nd6+ Kg4 59.Nxe4 Kf5 60.f3 
h3 61.Ng3+ Kf6 62.Ke4 h2 63.Nh1 Ke6 64.f5+ Kf6 65.Kf4 Kf7 66.Ke5 Ke7 67.
f6+ Kf7 68.Kf5 Kf8 69.Ke6 Ke8 70.f4 Kf8 71.f7 Kg7 72.Ke7 Kg6 73.f8=Q Kh5 
74.Qg7 Kh4 75.Kf6 Kh3 76.Qg3# 1-0

[Event "38th WCh U20 Girls"]
[Site "Cala Gonone ITA"]
[Date "2022.10.12"]
[Round "1.21"]
[White "Le Thuy An"]
[Black "Hajiyeva, Laman"]
[Result "1-0"]
[WhiteElo "1728"]
[BlackElo "2138"]
[EventDate "2022.10.12"]
[PlyCount "67"]

1.e4 c6 2.d4 d5 3.exd5 cxd5 4.Bd3 Nc6 5.c3 Nf6 6.h3 g6 7.Bf4 Bf5 8.Nf3 
Bxd3 9.Qxd3 e6 10.O-O h6 11.Re1 Bd6 12.Ne5 Kf8 13.Qg3 Bxe5 14.Bxe5 Nxe5 
15.dxe5 Ne4 16.Qe3 Qc7 17.Na3 Qc5 18.c4 Ke7 19.Qf3 Rhc8 20.Rad1 a5 21.Rxe4
dxe4 22.Qf6+ Ke8 23.Nb5 Qf8 24.Nd6+ Kd7 25.Nxf7+ Kc7 26.Qxe6 Ra6 27.Rd7+ 
Kb8 28.Qd5 Rb6 29.e6 Qb4 30.e7 Qe1+ 31.Kh2 Qxf2 32.Qe5+ Ka7 33.Rd8 Qxf7 
34.Rxc8 1-0

[Event "38th WCh U20 Girls"]
[Site "Cala Gonone ITA"]
[Date "2022.10.12"]
[Round "1.22"]
[White "Gombocz, Zsofia"]
[Black "Popovic, Mateja"]
[Result "1-0"]
[WhiteElo "2118"]
[BlackElo "1718"]
[EventDate "2022.10.12"]
[PlyCount "77"]

1.e4 c5 2.Nf3 e6 3.c4 Nc6 4.Nc3 Nd4 5.Nxd4 cxd4 6.Ne2 e5 7.Ng3 Nf6 8.d3 
Rb8 9.Qa4 a6 10.Bg5 b5 11.Qb3 h6 12.Bd2 Qb6 13.Rc1 bxc4 14.Qxb6 Rxb6 15.
Rxc4 Bb7 16.Rc2 g6 17.Be2 Bb4 18.Bxb4 Rxb4 19.O-O O-O 20.f4 exf4 21.Rxf4 
Ne8 22.a3 Ra4 23.Bg4 Bc6 24.Bd1 Ra5 25.Ne2 Ba4 26.Rd2 Bxd1 27.Rxd1 Ra4 28.
e5 Ng7 29.Rxd4 Ra5 30.Rxd7 Rxe5 31.Nc3 Rb8 32.Rd2 a5 33.d4 Rf5 34.Nd5 Kf8 
35.Ne3 Rf4 36.g3 Rf3 37.Nc4 Nf5 38.Rxf7+ Kxf7 39.Ne5+ 1-0

[Event "38th WCh U20 Girls"]
[Site "Cala Gonone ITA"]
[Date "2022.10.12"]
[Round "1.23"]
[White "Muha, Magdalena"]
[Black "Radikovic, Anamarija"]
[Result "0-1"]
[WhiteElo "1706"]
[BlackElo "2112"]
[EventDate "2022.10.12"]
[PlyCount "62"]

1.d4 Nf6 2.c4 e6 3.Nf3 Bb4+ 4.Bd2 c5 5.a3 Bxd2+ 6.Nbxd2 cxd4 7.Nxd4 d5 8.
cxd5 Qxd5 9.e3 O-O 10.Nb5 Na6 11.Nc3 Qd8 12.b4 Nc7 13.Qc2 Bd7 14.Bd3 Rc8 
15.Nce4 Bb5 16.Nxf6+ Qxf6 17.Rc1 Bxd3 18.Qxd3 Nd5 19.O-O Rfd8 20.Ne4 Qb2 
21.Rc5 Nb6 22.Rxc8 Rxc8 23.Nc5 Nd5 24.Nxb7 Qc2 25.Qa6 Qc7 26.Nc5 Rb8 27.
Rd1 Nc3 28.Rd7 Qxc5 29.Rxa7 Qd5 30.h3 Nb5 31.Re7 Kf8 0-1

[Event "38th WCh U20 Girls"]
[Site "Cala Gonone ITA"]
[Date "2022.10.12"]
[Round "1.24"]
[White "Aydin, Gulenay"]
[Black "Badenhorst, Chloe"]
[Result "1-0"]
[WhiteElo "2109"]
[BlackElo "1687"]
[EventDate "2022.10.12"]
[PlyCount "71"]

1.e4 c5 2.Nf3 Nc6 3.Bb5 g6 4.O-O Bg7 5.c3 e5 6.d4 cxd4 7.cxd4 exd4 8.Bf4 
a6 9.Bc4 Nge7 10.Bd6 b5 11.Bb3 Bb7 12.Ng5 O-O 13.Qf3 Qe8 14.Nd2 h6 15.Nh3 
Kh7 16.Rfe1 Rc8 17.Rad1 Ne5 18.Qg3 Nc4 19.Bxc4 bxc4 20.Qh4 f6 21.b3 c3 22.
Nc4 c2 23.Rc1 d3 24.Qf4 f5 25.e5 Be4 26.Qd2 Nc6 27.f3 Nxe5 28.fxe4 Nxc4 
29.bxc4 fxe4 30.Bxf8 Bxf8 31.Nf2 Rxc4 32.Nxd3 Rd4 33.Qxc2 exd3 34.Rxe8 
dxc2 35.Rxf8 Rd1+ 36.Rf1 1-0

[Event "38th WCh U20 Girls"]
[Site "Cala Gonone ITA"]
[Date "2022.10.12"]
[Round "1.25"]
[White "Femil, Chelladurai"]
[Black "Jarocka, Liwia"]
[Result "0-1"]
[WhiteElo "1562"]
[BlackElo "2089"]
[EventDate "2022.10.12"]
[PlyCount "100"]

1.e4 c6 2.d4 d5 3.Nc3 dxe4 4.Nxe4 Nf6 5.Ng3 h5 6.h4 c5 7.Be3 Bg4 8.Be2 
cxd4 9.Qxd4 Nc6 10.Qa4 Qc7 11.O-O-O e5 12.Nf3 Be7 13.Ng5 Bxe2 14.Nxe2 O-O 
15.Nc3 Rad8 16.Rxd8 Rxd8 17.Qc4 Bf8 18.Bxa7 Rd7 19.Be3 Qd8 20.Rd1 Rxd1+ 
21.Nxd1 Qd7 22.Nc3 Ng4 23.Nd5 Nxe3 24.Nxe3 g6 25.Nd5 Qf5 26.Ne4 Bh6+ 27.
Kb1 Kg7 28.f3 Qc8 29.Ndf6 Qd8 30.Nd6 Qe7 31.Nde4 Kh8 32.g4 Bg7 33.g5 Bxf6 
34.gxf6 Qd7 35.a3 Nd4 36.Qc5 Kg8 37.Qxe5 Nc6 38.Qd6 Qh3 39.b3 Qxf3 40.Qd7 
Qh1+ 41.Ka2 Qxe4 42.c4 Qc2+ 43.Ka1 Qc3+ 44.Ka2 Qxf6 45.Qxb7 Qf2+ 46.Kb1 
Nd4 47.Qe4 Nxb3 48.Qc2 Qxc2+ 49.Kxc2 Na5 50.Kd3 g5 0-1

[Event "38th WCh U20 Girls"]
[Site "Cala Gonone ITA"]
[Date "2022.10.12"]
[Round "1.26"]
[White "Koubova, Anna Marie"]
[Black "Oliveira, Beatriz Correia"]
[Result "1-0"]
[WhiteElo "2089"]
[BlackElo "1538"]
[EventDate "2022.10.12"]
[PlyCount "109"]

1.d4 d5 2.c4 c6 3.Nf3 Nf6 4.g3 Bf5 5.Nc3 e6 6.Nh4 dxc4 7.Nxf5 exf5 8.e3 
Nbd7 9.Bxc4 Nb6 10.Be2 Be7 11.O-O O-O 12.Bf3 Qd7 13.Qe2 Rad8 14.Rd1 Rfe8 
15.Bd2 Bf8 16.Rac1 Ne4 17.Be1 Qe6 18.Bg2 Rd7 19.a3 Red8 20.Qc2 Nxc3 21.
Bxc3 g6 22.Ba5 Re8 23.Rd3 Nd5 24.Bd2 Nf6 25.Qa4 a6 26.Bb4 Bxb4 27.Qxb4 Nd5
28.Qa4 Nb6 29.Qb3 Nd5 30.Rc5 Red8 31.a4 Nf6 32.Qc2 Nd5 33.Rb3 Qe7 34.Qd2 
Nf6 35.Qa5 Rc8 36.Re5 Qd8 37.Qc5 Rcc7 38.Rc3 Ng4 39.Rxf5 gxf5 40.Qxf5 Nxh2
41.Kxh2 Qe7 42.Qg4+ Kh8 43.Rc5 f6 44.Be4 Qg7 45.Qf4 Qf8 46.Rf5 Rd6 47.g4 
Qe7 48.Rh5 Qd8 49.Rh6 Rcd7 50.Bf5 Rg7 51.g5 Qf8 52.Qh4 Qf7 53.gxf6 Rxf6 
54.Qxf6 Qc7+ 55.Qd6 1-0

[Event "38th WCh U20 Girls"]
[Site "Cala Gonone ITA"]
[Date "2022.10.12"]
[Round "1.27"]
[White "Velikova, Gabriela"]
[Black "Djidjeli, Sarah"]
[Result "0-1"]
[WhiteElo "1500"]
[BlackElo "2082"]
[EventDate "2022.10.12"]
[PlyCount "60"]

1.e4 c5 2.Nc3 Nc6 3.f4 g6 4.Bc4 Bg7 5.Nf3 e6 6.f5 Nge7 7.fxe6 fxe6 8.O-O 
O-O 9.d3 d5 10.Bb3 Nd4 11.Bg5 Nxb3 12.axb3 d4 13.Na4 a5 14.Nxc5 Qd6 15.b4 
Nc6 16.Nb3 Qxb4 17.Bd2 Qb6 18.Ra4 Qb5 19.Qa1 e5 20.Qa2 Be6 21.Nbxd4 Nxd4 
22.Nxd4 Rxf1+ 23.Kxf1 exd4 24.Qxe6+ Kh8 25.b3 Rf8+ 26.Kg1 Qh5 27.h3 Qd1+ 
28.Kh2 Qxd2 29.Rc4 Qf4+ 30.Kh1 Be5 0-1

[Event "38th WCh U20 Girls"]
[Site "Cala Gonone ITA"]
[Date "2022.10.12"]
[Round "1.28"]
[White "Bashylina, Luisa"]
[Black "Daniilidi, Dimitra Lydia"]
[Result "1-0"]
[WhiteElo "2073"]
[BlackElo "1498"]
[EventDate "2022.10.12"]
[PlyCount "73"]

1.d4 f5 2.c4 Nf6 3.g3 g6 4.Bg2 Bg7 5.Nf3 O-O 6.O-O d6 7.Nc3 c6 8.b4 e5 9.
dxe5 dxe5 10.e4 Qxd1 11.Rxd1 f4 12.a4 fxg3 13.hxg3 Bg4 14.a5 Na6 15.Ba3 
Rfd8 16.b5 Nc7 17.Rab1 Rxd1+ 18.Rxd1 cxb5 19.cxb5 Ne6 20.Rd3 Bxf3 21.Bxf3 
Nd4 22.Bg2 Bf8 23.Bxf8 Rxf8 24.f4 Ng4 25.fxe5 Rc8 26.Bf1 Nxe5 27.Re3 Nc2 
28.Nd5 Nxe3 29.Ne7+ Kf7 30.Nxc8 Nxf1 31.Kxf1 Nc4 32.Nxa7 Nxa5 33.Ke2 Nc4 
34.Kd3 Nd6 35.e5 Nf5 36.Nc6 bxc6 37.b6 1-0